Cleveland Browns Trivia - Statistics

General Stats
  • This quiz has been taken 281 times
  • The average score is 6 of 10
Answer Stats
Question Answer % Correct
How many NATIONAL CHAMPIONSHIPS did the browns win? 3
87%
Who was the greatest Cleveland Brown to ever play for them? Jim Brown
82%
What year were the Browns initiated into the NFL? (Hint 1940-160 somwhere in between) 1946
78%
What Are the Browns BIGGEST rival (there are three but do the biggest) Ravens
77%
What Year did the browns become bad? (when the ravens took them) 1995
71%
What year did the Browns take Joe Thomas? 2007
71%
Who was the coach that led the browns to their championship victories? Paul Brown
57%
Who did the Browns Beat for their only win last year? Chargers
52%
What is Joe Thomas's Salary? (hint inbetween 20mil and 30mil) 23 mil
36%
Who are the best CURRENT player for the Browns? Joe Thomas
35%
No matching quizzes found
Score Distribution
Percent of People with Each Score
Percentile by Number Answered
Your Score History
You have not taken this quiz